<?xml version="1.0" encoding="UTF-8"?>
<record
    xmlns:xsi="http://www.w3.org/2001/XMLSchema-instance"
    xsi:schemaLocation="http://www.loc.gov/MARC21/slim http://www.loc.gov/standards/marcxml/schema/MARC21slim.xsd"
    xmlns="http://www.loc.gov/MARC21/slim">

  <leader>01545nam a22003015a 4500</leader>
  <datafield tag="999" ind1=" " ind2=" ">
    <subfield code="c">27051</subfield>
    <subfield code="d">27023</subfield>
  </datafield>
  <controlfield tag="003">EG-ScBUE</controlfield>
  <controlfield tag="005">20190129122735.0</controlfield>
  <controlfield tag="008">190129s2010    ua     frb    000 0 ara d</controlfield>
  <datafield tag="040" ind1=" " ind2=" ">
    <subfield code="a">EG-ScBUE</subfield>
    <subfield code="b">ara</subfield>
    <subfield code="c">EG-ScBUE</subfield>
    <subfield code="d">EG-ScBUE</subfield>
  </datafield>
  <datafield tag="082" ind1="0" ind2="4">
    <subfield code="a">347.09</subfield>
    <subfield code="b">&#x634; &#x631; &#x641;</subfield>
    <subfield code="2">22</subfield>
  </datafield>
  <datafield tag="100" ind1="1" ind2=" ">
    <subfield code="a">&#x634;&#x631;&#x641; &#x627;&#x644;&#x62F;&#x64A;&#x646;&#x60C; &#x623;&#x62D;&#x645;&#x62F;.</subfield>
    <subfield code="9">41966</subfield>
  </datafield>
  <datafield tag="245" ind1="1" ind2="2">
    <subfield code="a">&#x627;&#x644;&#x645;&#x631;&#x634;&#x62F; &#x625;&#x644;&#x649; &#x642;&#x648;&#x627;&#x639;&#x62F; &#x627;&#x644;&#x62A;&#x62D;&#x643;&#x64A;&#x645; :</subfield>
    <subfield code="b">&#x625;&#x631;&#x634;&#x627;&#x62F;&#x627;&#x62A; &#x644;&#x644;&#x645;&#x62D;&#x643;&#x645;&#x64A;&#x646; &#x648;&#x627;&#x644;&#x645;&#x62D;&#x627;&#x645;&#x64A;&#x646; /</subfield>
    <subfield code="c">&#x62A;&#x623;&#x644;&#x64A;&#x641; &#x623;&#x62D;&#x645;&#x62F; &#x634;&#x631;&#x641; &#x627;&#x644;&#x62F;&#x64A;&#x646; &#x61B; &#x62A;&#x635;&#x62F;&#x64A;&#x631; &#x639;&#x627;&#x62F;&#x644; &#x642;&#x648;&#x631;&#x647;&#x60C; &#x623;&#x62D;&#x645;&#x62F; &#x635;&#x627;&#x62F;&#x642; &#x627;&#x644;&#x642;&#x634;&#x64A;&#x631;&#x64A;.</subfield>
  </datafield>
  <datafield tag="250" ind1=" " ind2=" ">
    <subfield code="a">&#x637;. 2.</subfield>
  </datafield>
  <datafield tag="260" ind1=" " ind2=" ">
    <subfield code="a">[&#x627;&#x644;&#x642;&#x627;&#x647;&#x631;&#x629;] :</subfield>
    <subfield code="b">&#x646;&#x627;&#x62F;&#x64A; &#x627;&#x644;&#x642;&#x636;&#x627;&#x629;&#x60C;</subfield>
    <subfield code="c">2010.</subfield>
  </datafield>
  <datafield tag="300" ind1=" " ind2=" ">
    <subfield code="a">255 &#x635;. &#x61B;</subfield>
    <subfield code="c">24 &#x633;&#x645;.</subfield>
  </datafield>
  <datafield tag="505" ind1="0" ind2=" ">
    <subfield code="a">&#x627;&#x62A;&#x641;&#x627;&#x642; &#x627;&#x644;&#x62A;&#x62D;&#x643;&#x64A;&#x645; -- &#x625;&#x62C;&#x631;&#x627;&#x621;&#x627;&#x62A; &#x62E;&#x635;&#x648;&#x645;&#x629; &#x627;&#x644;&#x62A;&#x62D;&#x643;&#x64A;&#x645; -- &#x62D;&#x643;&#x645; &#x627;&#x644;&#x62A;&#x62D;&#x643;&#x64A;&#x645; (&#x625;&#x635;&#x62F;&#x627;&#x631;&#x647; &#x648;&#x62A;&#x646;&#x641;&#x64A;&#x630;&#x647; &#x648;&#x625;&#x64A;&#x62F;&#x627;&#x639;&#x647; &#x648;&#x628;&#x637;&#x644;&#x627;&#x646;&#x647;) -- &#x648;&#x627;&#x62C;&#x628;&#x627;&#x62A; &#x627;&#x644;&#x645;&#x62D;&#x643;&#x645; &#x627;&#x644;&#x642;&#x627;&#x646;&#x648;&#x646;&#x64A;&#x629; &#x648;&#x627;&#x644;&#x623;&#x62E;&#x644;&#x627;&#x642;&#x64A;&#x629; -- &#x648;&#x627;&#x62C;&#x628;&#x627;&#x62A; &#x627;&#x644;&#x62F;&#x641;&#x627;&#x639; : &#x627;&#x644;&#x625;&#x637;&#x627;&#x631; &#x627;&#x644;&#x639;&#x627;&#x645; - &#x627;&#x644;&#x645;&#x647;&#x627;&#x631;&#x627;&#x62A; &#x627;&#x644;&#x62E;&#x627;&#x635;&#x629;.</subfield>
  </datafield>
  <datafield tag="541" ind1=" " ind2=" ">
    <subfield code="a">&#x62F;. &#x623;&#x62D;&#x645;&#x62F; &#x62D;&#x645;&#x62F; &#x61B;</subfield>
    <subfield code="c">&#x625;&#x647;&#x62F;&#x627;&#x621; &#x61B;</subfield>
  </datafield>
  <datafield tag="650" ind1=" " ind2="7">
    <subfield code="a">&#x627;&#x644;&#x62A;&#x62D;&#x643;&#x64A;&#x645;</subfield>
    <subfield code="x">&#x642;&#x648;&#x627;&#x646;&#x64A;&#x646; &#x648;&#x62A;&#x634;&#x631;&#x64A;&#x639;&#x627;&#x62A;.</subfield>
    <subfield code="2">BUEsh</subfield>
  </datafield>
  <datafield tag="650" ind1=" " ind2="7">
    <subfield code="a">&#x627;&#x644;&#x62A;&#x62D;&#x643;&#x64A;&#x645; (&#x642;&#x627;&#x646;&#x648;&#x646; &#x645;&#x631;&#x627;&#x641;&#x639;&#x627;&#x62A;)</subfield>
    <subfield code="2">BUEsh</subfield>
  </datafield>
  <datafield tag="650" ind1=" " ind2="7">
    <subfield code="a">&#x627;&#x644;&#x62A;&#x62D;&#x643;&#x64A;&#x645; &#x627;&#x644;&#x642;&#x636;&#x627;&#x626;&#x64A;.</subfield>
    <subfield code="2">BUEsh</subfield>
  </datafield>
  <datafield tag="650" ind1=" " ind2="7">
    <subfield code="a">&#x627;&#x644;&#x62A;&#x62D;&#x643;&#x64A;&#x645; &#x627;&#x644;&#x62A;&#x62C;&#x627;&#x631;&#x64A;.</subfield>
    <subfield code="2">BUEsh</subfield>
  </datafield>
  <datafield tag="650" ind1=" " ind2="7">
    <subfield code="a">&#x627;&#x644;&#x645;&#x633;&#x626;&#x648;&#x644;&#x64A;&#x629; &#x627;&#x644;&#x645;&#x62F;&#x646;&#x64A;&#x629; &#x644;&#x644;&#x645;&#x62D;&#x627;&#x645;&#x64A;&#x646;.</subfield>
    <subfield code="2">BUEsh</subfield>
  </datafield>
  <datafield tag="651" ind1=" " ind2=" ">
    <subfield code="2">BUEsh</subfield>
  </datafield>
  <datafield tag="653" ind1=" " ind2=" ">
    <subfield code="b">LLAAWW</subfield>
    <subfield code="c">January2019</subfield>
  </datafield>
  <datafield tag="700" ind1="1" ind2=" ">
    <subfield code="a">&#x642;&#x648;&#x631;&#x647;&#x60C; &#x639;&#x627;&#x62F;&#x644;&#x60C;</subfield>
    <subfield code="e">&#x645;&#x62D;&#x631;&#x631;.</subfield>
  </datafield>
  <datafield tag="700" ind1="1" ind2=" ">
    <subfield code="a">&#x642;&#x634;&#x64A;&#x631;&#x64A;&#x60C; &#x623;&#x62D;&#x645;&#x62F; &#x635;&#x627;&#x62F;&#x642;&#x60C;</subfield>
    <subfield code="e">&#x645;&#x62D;&#x631;&#x631;.</subfield>
  </datafield>
  <datafield tag="942" ind1=" " ind2=" ">
    <subfield code="2">ddc</subfield>
  </datafield>
  <datafield tag="952" ind1=" " ind2=" ">
    <subfield code="0">0</subfield>
    <subfield code="1">0</subfield>
    <subfield code="2">ddc</subfield>
    <subfield code="4">0</subfield>
    <subfield code="7">0</subfield>
    <subfield code="8">Donation-G</subfield>
    <subfield code="a">MAIN</subfield>
    <subfield code="b">MAIN</subfield>
    <subfield code="c">1ST</subfield>
    <subfield code="d">2019-01-29</subfield>
    <subfield code="e">Purchase</subfield>
    <subfield code="o">347.09 &#x634; &#x631; &#x641;</subfield>
    <subfield code="p">000044109</subfield>
    <subfield code="q">2026-05-17</subfield>
    <subfield code="r">2026-03-15 00:00:00</subfield>
    <subfield code="s">2026-03-15</subfield>
    <subfield code="x">&#x625;&#x647;&#x62F;&#x627;&#x621; &#x645;&#x646; &#x62F;. &#x623;&#x62D;&#x645;&#x62F; &#x62D;&#x645;&#x62F;</subfield>
    <subfield code="y">BB</subfield>
  </datafield>
</record>
